书目信息 |
| 题名: |
出口风险管理实务
|
|
| 作者: | 冯斌 著 | |
| 分册: | ||
| 出版信息: | 北京 中国海关出版社 2009 |
|
| 页数: | 356页 | |
| 开本: | 24cm | |
| 丛书名: | ||
| 单 册: | ||
| 中图分类: | F752.62 | |
| 科图分类: | ||
| 主题词: | 出口贸易--风险管理--研究--中国 , 出口贸易 , 风险管理 | |
| 电子资源: | ||
| ISBN: | 978-7-80165-576-9 | |
| 000 | 00897nam0 2200265 45 | |
| 001 | 1034517218 | |
| 005 | 20100319083155.75 | |
| 010 | @a978-7-80165-576-9@dCNY48.00 | |
| 100 | @a20100311d2009 em y0chiy50 ea | |
| 101 | 0 | @achi |
| 102 | @aCN@b110000 | |
| 105 | @ay z 000yy | |
| 106 | @ar | |
| 200 | 1 | @a出口风险管理实务@AChu Kou Feng Xian Guan Li Shi Wu@dExport management practice@f冯斌著@FFeng Bin Zhu@zeng |
| 210 | @a北京@c中国海关出版社@d2009 | |
| 215 | @a356页@d24cm | |
| 330 | @a本书作者从出口企业的实务中提炼整理出来的,力求从企业操作角度出发,涉及了出口贸易各类风险的管理控制,强调了如何应对实践中的风险。 | |
| 510 | 1 | @aExport management practice@zeng |
| 606 | 0 | @a出口贸易@x风险管理@x研究@y中国 |
| 606 | 0 | @a出口贸易 |
| 606 | 0 | @a风险管理 |
| 690 | @aF752.62@v4 | |
| 701 | 0 | @a冯斌@AFeng Bin@4著 |
| 801 | 0 | @aCN@bTANGWEI@c20100319 |
| 905 | @b0585849-53@dF752.62@e24@f5 | |
| 出口风险管理实务=Export management practice/冯斌著.-北京:中国海关出版社,2009 |
| 356页;24cm |
| ISBN 978-7-80165-576-9:CNY48.00 |
| 本书作者从出口企业的实务中提炼整理出来的,力求从企业操作角度出发,涉及了出口贸易各类风险的管理控制,强调了如何应对实践中的风险。 |
| ● |
| 相关链接 |
|
|
|
|
正题名:出口风险管理实务
索取号:F752.62/24
 
预约/预借
| 序号 | 登录号 | 条形码 | 馆藏地/架位号 | 状态 | 备注 |
| 1 | 0585849 | 205858491 | 第一样本阅览室/ [索取号:F752.62/24] | 在馆 | |
| 2 | 0585850 | 205858507 | 第一借阅区/ [索取号:F752.62/24] | 在馆 | |
| 3 | 0585851 | 205858516 | 第一借阅区/ [索取号:F752.62/24] | 在馆 | |
| 4 | 0585852 | 205858525 | 第一借阅区/ [索取号:F752.62/24] | 在馆 | |
| 5 | 0585853 | 205858534 | 密集书库-海洋学院/ [索取号:F752.62/24] | 在馆 |